| 000 | 01488cam a2200289 i 4500 | ||
|---|---|---|---|
| 003 | SA-RiAUC | ||
| 005 | 20250513091137.0 | ||
| 008 | 250512s2003 su g 000 0 ara c | ||
| 040 |
_aSA-JeALM _bara _cSA-RiAUC _erda |
||
| 043 | _aa-ye--- | ||
| 082 | 0 | 4 | _a371.07109532 |
| 090 |
_a371.07109532 _b س ن ي |
||
| 100 | 1 |
_aالسنيدي، عبد العزيز بن راشد بن عبد الكريم، _d1382 هجري- _eمؤلف. |
|
| 245 | 1 | 2 |
_aالمدارس اليمنية في عهد الدولة الرسولية 626-858 هـ / 1229-1454 م / _cعبد العزيز بن راشد بن عبد الكريم السنيدي. |
| 250 | _aالطبعة الأولى. | ||
| 264 | 1 |
_aالرياض : _bعبد العزيز بن راشد بن عبد الكريم السنيدي، _c2003 |
|
| 300 |
_a434 صفحة ؛ _c24 سم |
||
| 336 |
_aنص _btxt _2rdacontent _3كتاب |
||
| 337 |
_aبدون وسيط _bn _2rdamedia |
||
| 338 |
_aمجلد _bnc _2rdacarrier |
||
| 500 | _aاهداء من المؤلف عبدالعزيز السنيدي الى الشيخ رحمه الله بتاريخ 13 / 11 / 1424 هـ | ||
| 500 | _aعلى صفحة الغلاف ورد العنوان بهذا الشكل ( المدارس اليمنية في عصر الدولة الرسولية ) | ||
| 650 | 7 |
_aالمدارس الدينية الإسلامية _zاليمن _2aucsh |
|
| 651 | 7 |
_aاليمن _xتاريخ _yبنو رسول، 1453 _2aucsh |
|
| 942 |
_2ddc _cBOOK _n0 |
||
| 949 |
_aSA-JeALM _d250512 _uosman123 _n1 |
||
| 999 |
_c7886 _d7886 |
||